| 000 | 00884cam a22002897a 4500 | ||
|---|---|---|---|
| 003 | CHAP | ||
| 005 | 20220329135947.0 | ||
| 008 | 971013s r 00010 d | ||
| 010 | _a44739 | ||
| 011 | _a45711 | ||
| 035 | _a49850 | ||
| 040 | _cCHAP | ||
| 090 | _aR-1916 | ||
| 100 | 0 | 0 |
_aUittien, J. J. _9116042 |
| 245 | 1 | 2 | _aA methods of water culture for experiments with micronutrient elements |
| 500 | _aSobretiro de: Acta Bot. Neerl. 18(6):709-712, 1969 | ||
| 590 |
_aBATCH-UPD _b10 _c20130110 _lUCH01 _h0130 |
||
| 590 |
_aBATCH-UPD _b10 _c20130110 _lUCH01 _h0916 |
||
| 590 |
_aBATCH-UPD _b10 _c20130914 _lUCH01 _h0231 |
||
| 590 |
_aCONVERSION _b10 _c20130109 _lUCH01 _h1325 |
||
| 650 | 1 | 4 |
_aAlimentos menores. _94315 |
| 650 | 1 | 4 |
_aHidroponÃa. _955280 |
| 700 | 0 |
_aSteiner, Abram A. _9109610 |
|
| 901 | _aBK | ||
| 942 | _cREIMP | ||
| 949 |
_aR-1916 _bBC _cR _d-112324 _eTS1 _i49850 _si |
||
| 999 |
_c44739 _d44739 |
||